00254nam a22000977a 4500082001700000100003100017245004500048260003500093300000800128650002000136 a230.0899 PRA aPrabhaker, Samson & Kwon,  aDalit and Minjung Theologies: A Dialogue aBangalorebBTESSC/SATHRIc2006 a162 aTheology-Dalits